000 01142cab a2200205 4500
001 L130621
008 050818n2005 000 0 eng u
035 _a(Sirsi) u130621
041 0 _aeng
100 1 _aRoss, Jonathan
245 0 0 _aCase news
_bBusiness Environment Group V Wendy Fair and Wembley
260 _c2005
490 0 _aProperty Week
_v70(31) 12 August 2005, 58(1)
520 _a([2005] EWHC 1385(Ch), unreported) Wendy Fair operates a relocated fair on Wembley's Olympic Way. The fair was moved to this location due to the redevelopment in the area. B owns a building at the end of Olympic Way, and needs continuous access to the building. B complained that the market impeded access to the building and sort an interim injunction. The court granted the injunction, which required W to provide a wider corridor of access to B's building.
590 _aIKA300805
650 2 4 _aBUSINESS ENVIRONMENT GROUP V WENDY FAIR AND WEMBLEY
651 4 _aEngland and Wales
_y1543-
690 _aPROPERTY-COMMERCIAL PROPERTY-RETAIL PROPERTY-OUT OF TOWN RETAIL PROPERTY-OUT OF TOWN WHOLESALING, AUCTION AND MARKET PROPERTY
942 _n0
999 _c75735
_d75735